000 01236cam a2200349 a 4500
999 _c3310
_d3310
001 15123711
003 GZU
005 20201125092121.0
008 071228s2009 maua b 001 0 eng
010 _a 2007052817
020 _a9780205581481
020 _a020558148X
035 _a(OCoLC)ocn186349131
035 _a(OCoLC)186349131
040 _aDLC
_cDLC
_dYDX
_dYDXCP
_dBAKER
_dDLC
043 _an-us---
050 0 0 _aHD 59
_b.WIL 2009
082 0 0 _a659.2
_222
245 0 0 _aPublic relations :
_bstrategies and tactics /
_cDennis L. Wilcox, Glen T. Cameron.
250 _a9th ed.
260 _aBoston :
_bPerson/Allyn and Bacon,
_cc2009.
300 _axxvii, 612 p. :
_bill. (chiefly col.) ;
_c27 cm.
504 _aIncludes bibliographical references (p. [593]-600) and index.
650 0 _aPublic relations.
650 0 _aPublic relations
_zUnited States.
700 1 _aCameron, Glen T.
700 1 _aWilcox, Dennis L.
856 4 1 _3Table of contents only
_uhttp://www.loc.gov/catdir/toc/ecip087/2007052817.html
906 _a7
_bcbc
_corignew
_d1
_eecip
_f20
_gy-gencatlg
942 _2lcc
_cBK
_e9th ed.
_h59
_iWIL
_kHD